[Event "Seville-ch"]
[Site "Seville"]
[Date "2017.03.25"]
[Round "9"]
[White "Martin Rengel, Jose Maria"]
[Black "Perez Garcia, Roberto"]
[Result "1/2-1/2"]
[WhiteElo "2007"]
[BlackElo "2198"]
[PlyCount "117"]
[EventDate "2017.01.28"]
[EventType "swiss"]
[EventRounds "9"]
[EventCountry "ESP"]
[SourceTitle "EXT 2018"]
[Source "ChessBase"]
[SourceDate "2017.10.13"]
[SourceVersion "1"]
[SourceVersionDate "2017.10.13"]
[SourceQuality "1"]

1. e4 d6 2. d4 Nf6 3. Nc3 e5 4. dxe5 dxe5 5. Qxd8+ Kxd8 6. Bg5 Be7 7. 0-0-0+ Nbd7 8. Nf3 Ng4 9. Bxe7+ Kxe7 10. Nd5+ Kd8 11. Ng5 Nh6 12. Bc4 c6 13. Ne3 Ke7 14. Bb3 Nc5 15. f3 f6 16. Nh3 b5 17. Nf2 a5 18. c3 Nxb3+ 19. axb3 Be6 20. Kc2 a4 21. bxa4 bxa4 22. c4 Rhb8 23. Rd3 Rb4 24. Rc3 Rab8 25. Nd3 R4b7 26. Ra1 Nf7 27. Rxa4 Nd8 28. Rca3 Bd7 29. Kc3 g6 30. Ra7 Ne6 31. Rxb7 Rxb7 32. b4 Be8 33. Ra8 Rd7 34. Ng4 Bf7 35. Ne3 h5 36. Ra6 Nd4 37. Nc5 Rd8 38. Ra7+ Kf8 39. Nd7+ Kg7 40. f4 Ne2+ 41. Kc2 exf4 42. b5 cxb5 43. cxb5 Be6 44. b6 Nd4+ 45. Kb2 Nb5 46. Rb7 Nd6 47. Rc7 Nb5 48. Nd5 f5 49. b7 Nxc7 50. Nxc7 fxe4 51. b8Q Rxb8+ 52. Nxb8 Kf6 53. Nc6 g5 54. Kc2 h4 55. Kd2 g4 56. Nb4 Kf5 57. Ncd5 g3 58. Ne3+ Ke5 59. h3 1/2-1/2

[Event "Seville-ch"]
[Site "Seville"]
[Date "2017.02.18"]
[Round "4"]
[White "Lopez Rodriguez, Fernando"]
[Black "Martin Rengel, Jose Maria"]
[Result "1-0"]
[WhiteElo "2098"]
[BlackElo "2007"]
[PlyCount "89"]
[EventDate "2017.01.28"]
[EventType "swiss"]
[EventRounds "9"]
[EventCountry "ESP"]
[SourceTitle "EXT 2018"]
[Source "ChessBase"]
[SourceDate "2017.10.13"]
[SourceVersion "1"]
[SourceVersionDate "2017.10.13"]
[SourceQuality "1"]

1. e4 c5 2. Nf3 d6 3. d4 cxd4 4. Nxd4 Nf6 5. Nc3 a6 6. h3 e6 7. g4 Qc7 8. g5 Nfd7 9. Be3 b5 10. Bg2 Bb7 11. 0-0 Nb6 12. Qe2 N8d7 13. Rad1 Rc8 14. f4 b4 15. Nd5 exd5 16. exd5 Qc4 17. Rd3 Kd8 18. b3 Qc7 19. Nc6+ Bxc6 20. dxc6 Nb8 21. Bc5 Nxc6 22. Re1 Qb7 23. Bxd6 Bxd6 24. Rxd6+ Nd7 25. Kh2 Qb6 26. Qe4 Qf2 27. Re2 Qc5 28. Rxc6 Rxc6 29. Qxc6 Qxc6 30. Bxc6 Nc5 31. Kg3 h6 32. Re5 Ne6 33. g6 Nd4 34. Ba4 Nb5 35. Bxb5 axb5 36. Rxb5 Ke7 37. Rxb4 fxg6 38. a4 Rc8 39. c4 Rd8 40. a5 Rd3+ 41. Kg2 Rd6 42. c5 Rd2+ 43. Kf3 Rc2 44. a6 Rxc5 45. a7 1-0

[Event "Seville op 41st"]
[Site "Seville"]
[Date "2016.01.11"]
[Round "4"]
[White "Rizouk, Aimen"]
[Black "Martin Rengel, Jose Maria"]
[Result "1-0"]
[WhiteElo "2511"]
[BlackElo "2003"]
[PlyCount "103"]
[EventDate "2016.01.08"]
[EventType "swiss"]
[EventRounds "9"]
[EventCountry "ESP"]
[SourceTitle "CBM 170 Extra"]
[Source "ChessBase"]
[SourceDate "2016.02.25"]
[SourceVersion "1"]
[SourceVersionDate "2016.02.25"]
[SourceQuality "1"]

1. e4 c5 2. Nf3 d6 3. d4 cxd4 4. Nxd4 Nf6 5. Nc3 a6 6. Be3 e5 7. Nb3 Ng4 8. Bc1 Qb6 9. Qe2 Be6 10. f3 Nf6 11. Be3 Qc7 12. 0-0-0 b5 13. g4 b4 14. Nd5 Bxd5 15. exd5 Nbd7 16. g5 Nh5 17. f4 g6 18. Bh3 Bg7 19. Bg4 a5 20. Bxh5 gxh5 21. f5 a4 22. Nd2 f6 23. Ne4 b3 24. a3 Qxc2+ 25. Qxc2 bxc2 26. Rdf1 Ra6 27. Rhg1 Kf7 28. Rg2 Rc8 29. Rxc2 Rxc2+ 30. Kxc2 Nb6 31. Nxd6+ Ke7 32. Bc5 Nxd5 33. Rd1 Nf4 34. Nb5+ Kf7 35. Rd7+ Kg8 36. Rd8+ Kf7 37. Nd6+ Ke7 38. Re8+ Kd7 39. Rg8 Kc6 40. Bb4 Ra7 41. Ne8 Ra8 42. gxf6 Bh6 43. f7 Rc8 44. Nf6 Rc7 45. f8Q Kb5+ 46. Bc3 Bxf8 47. Rxf8 Rg7 48. Rb8+ Kc6 49. Bxe5 Rg2+ 50. Kc3 Ne2+ 51. Kc4 Rf2 52. Nd5 1-0

[Event "Seville op 40th"]
[Site "Seville"]
[Date "2015.01.25"]
[Round "2"]
[White "Martin Rengel, Jose Maria"]
[Black "Blechzin, Igor"]
[Result "0-1"]
[WhiteElo "1970"]
[BlackElo "2357"]
[PlyCount "109"]
[EventDate "2015.01.25"]
[EventType "swiss"]
[EventRounds "9"]
[EventCountry "ESP"]
[SourceTitle "CBM 164 Extra"]
[Source "ChessBase"]
[SourceDate "2015.03.02"]
[SourceVersion "1"]
[SourceVersionDate "2015.03.02"]
[SourceQuality "1"]

1. e4 c5 2. Nf3 d6 3. d4 cxd4 4. Nxd4 Nf6 5. Nc3 g6 6. Be3 Bg7 7. f3 Nc6 8. Qd2 0-0 9. Bc4 Bd7 10. Bb3 Rc8 11. h4 Nxd4 12. Bxd4 b5 13. h5 b4 14. Nd5 e6 15. Nxf6+ Bxf6 16. hxg6 fxg6 17. Bxf6 Qxf6 18. 0-0-0 a5 19. Qxd6 Rf7 20. Qa6 Qg5+ 21. Kb1 Rc6 22. Qb7 Be8 23. Qb8 Rf8 24. Qh2 Qe7 25. Qh4 Qxh4 26. Rxh4 g5 27. Rhh1 Bg6 28. Rd4 Kg7 29. Rhd1 g4 30. R1d3 gxf3 31. Rxf3 Rxf3 32. gxf3 e5 33. Rd5 Rf6 34. Rxe5 h5 35. Rxa5 h4 36. Ra7+ Kh6 37. Rd7 Rxf3 38. a4 bxa3 39. bxa3 Bxe4 40. Bd5 Bxd5 41. Rxd5 h3 42. Rd8 Kg5 43. Rh8 Kg4 44. a4 Kg3 45. Rg8+ Kf2 46. Kb2 h2 47. Rh8 Kg2 48. Rxh2+ Kxh2 49. a5 Kg3 50. c3 Rf5 51. Kb3 Rxa5 52. Kb4 Ra1 53. c4 Kf4 54. c5 Ke5 55. Kb5 0-1